000 00601nam a22001577a 4500
003 OSt
005 20150912140331.0
008 150912b xxu||||| |||| 00| 0 eng d
040 _cRUA
082 _aAGR OUK 1997 B018 Or.1
100 _9324
_aOUK PHOMARA
245 _aSmall holders rubbber planting in panghea krek district kompong cham province ដំណាំកៅស៊ូជាលក្ខណៈគ្រួសារ នៅស្រុកពញ្ញាក្រែកខេត្តកំពង់ចាម
260 _aPhnom Penh
_bRUA
_c1997
300 _a74p.
_bill.
_c29cm.
942 _2ddc
_cAGR
999 _c306
_d306